New Testament survey / (Record no. 6862)
[ view plain ]
| 000 -LEADER | |
|---|---|
| fixed length control field | 00903pam a2200229 a 4500 |
| 001 - CONTROL NUMBER | |
| control field | 3805331 |
| 005 - DATE AND TIME OF LATEST TRANSACTION | |
| control field | 20250708124249.0 |
| 008 - FIXED-LENGTH DATA ELEMENTS--GENERAL INFORMATION | |
| fixed length control field | 850711s1985 miuab b 001 0 eng |
| 020 ## - INTERNATIONAL STANDARD BOOK NUMBER | |
| International Standard Book Number | 0802836119 |
| 020 ## - INTERNATIONAL STANDARD BOOK NUMBER | |
| International Standard Book Number | 9780802836113 |
| 050 00 - LIBRARY OF CONGRESS CALL NUMBER | |
| Classification number | BS2330.2 |
| Item number | .T45 1985 |
| 082 00 - DEWEY DECIMAL CLASSIFICATION NUMBER | |
| Classification number | 225.6/1 |
| Edition information | 19 |
| 100 1# - MAIN ENTRY--PERSONAL NAME | |
| Personal name | Tenney, Merrill C. |
| Fuller form of name | (Merrill Chapin), |
| Dates associated with a name | 1904-1985. |
| 245 10 - TITLE STATEMENT | |
| Title | New Testament survey / |
| Statement of responsibility, etc. | by Merrill C. Tenney ; revised by Walter M. Dunnett. |
| 250 ## - EDITION STATEMENT | |
| Edition statement | Rev. |
| 260 ## - PUBLICATION, DISTRIBUTION, ETC. | |
| Place of publication, distribution, etc. | Grand Rapids, Mich. : |
| Name of publisher, distributor, etc. | W.B. Eerdmans Pub. Co. ; |
| Place of publication, distribution, etc. | Leicester, England : |
| Name of publisher, distributor, etc. | Inter-Varsity Press, |
| Date of publication, distribution, etc. | c1985. |
| 300 ## - PHYSICAL DESCRIPTION | |
| Extent | xix, 454 p. : |
| Other physical details | ill., maps ; |
| Dimensions | 23 cm. |
| 700 1# - ADDED ENTRY--PERSONAL NAME | |
| Personal name | Dunnett, Walter M. |
| 856 42 - ELECTRONIC LOCATION AND ACCESS | |
| Materials specified | Contributor biographical information |
| Uniform Resource Identifier | <a href="http://www.loc.gov/catdir/enhancements/fy1606/85016030-b.html">http://www.loc.gov/catdir/enhancements/fy1606/85016030-b.html</a> |
| 856 42 - ELECTRONIC LOCATION AND ACCESS | |
| Materials specified | Publisher description |
| Uniform Resource Identifier | <a href="http://www.loc.gov/catdir/enhancements/fy1606/85016030-d.html">http://www.loc.gov/catdir/enhancements/fy1606/85016030-d.html</a> |
| 942 ## - ADDED ENTRY ELEMENTS (KOHA) | |
| Source of classification or shelving scheme | Dewey Decimal Classification |
| Koha item type | Books |
| Suppress in OPAC | No |
| 999 ## - | |
| -- | 6862 |
| -- | 6862 |
| Withdrawn status | Lost status | Source of classification or shelving scheme | Damaged status | Not for loan | Collection | Home library | Current library | Shelving location | Date acquired | Total checkouts | Full call number | Barcode | Date last seen | Copy number | Price effective from | Koha item type |
|---|---|---|---|---|---|---|---|---|---|---|---|---|---|---|---|---|
| Library of Congress Classification | Non-fiction | Undergraduate Library (Christ Temple) | Undergraduate Library (Christ Temple) | General stacks | 07/08/2025 | BS 23302.2 TEN | ulct00003706 | 07/08/2025 | 1 | 07/08/2025 | Books |